000 01575cam a22001934a 4500
005 20250605164340.0
008 250528s ||||||||||||||||||||||||d
035 _a23575
040 _aGR-AtMCL
_bgre
_dGR-AtMCL
_eAACR2
245 1 _aΕντοπισμός και Αξιολόγηση Επιχειρηματικής Ευκαιρίας/ Η Περίπτωση μιας Νέας Εταιρίας στον Κλάδο Τροφίμων και Ποτών
260 _c2015
300 _a87
520 _aΕισαγωγή, Επιχειρηματικότητα, Τύποι των Επιχειρηματικών Προφίλ, Η Επιχειρηματικότητα στην Ελλάδα, Ανάλυση της Αγοράς, Ανάλυση του Περιβάλλοντος, Επιχειρηματική Ευκαιρία, Τύποι των Ευκαιριών, Ευκαιρίες Μίμησης, Ευκαιρίες Κατανομής, Ευκαιρίες Ανακάλυψης, Εφευρετικές Ευκαιρίες, Η Μελέτη Περίπτωσης: Μια Νέα Ευκαιρία στον Κλάδο Τροφίμων και Ποτών, Ανάλυση της Έρευνας, Συμπεράσματα, Προσωπικός Αναστοχασμός, Τύποι των Ευκαιριών, Ερωτηματολόγιο Έρευνας, Αίτηση Ηθικής Έγκρισης - Γράμματα.
700 1 _aΔρ. Κιτωνάκης Νίκος
_99160
700 1 _aΚαπογιαννάτος Γεράσιμος
_99162
942 _cDS
999 _c8576
_d8576